[Event "Ciocaltea Memorial"]
[Site "Bucharest"]
[Date "1997.??.??"]
[Round "1"]
[White "Ionescu, Constantin"]
[Black "Nevednichy, Vladislav"]
[Result "1/2-1/2"]
[WhiteElo "2515"]
[BlackElo "2535"]
[Annotator "Ribli,Z"]
[PlyCount "100"]
[EventDate "1997.03.??"]
[EventType "tourn"]
[EventRounds "13"]
[EventCountry "ROU"]
[EventCategory "10"]
[SourceTitle "CBM 060"]
[Source "ChessBase"]
[SourceDate "1997.09.29"]
[SourceVersion "1"]
[SourceVersionDate "1997.09.29"]
[SourceQuality "1"]

1. Nf3 {Marin,M} g6 2. c4 Bg7 3. Nc3 Nf6 4. g3 O-O 5. Bg2 d6 6. O-O Nc6 7. Rb1
{Weiss wählt die Englische Eröffnung. Nach 7.d4 haben wir eine Hauptvariante
des g3-Systems.} e5 8. b4 {Weiss hält den d-Bauern auf d2. Er spielt weder 8.
d3 noch 8.d4, was wegen 8...Bf5 vorteilhaft für Schwarz wäre. Schwarz arbeitet
zunächst am Damenflügel, und später kann entscheiden, ein oder zwei Schritte
mit dem dem d-Bauern zu gehen.} a6 {Mit diesem Zug vermeidet Schwarz den
Vorstoss b4-b5, und wenn - wie in der Partie - Weiss a4 spielt nebst b5, dann
hat Schwarz nach ab5 eine Linie für den Turm a8. Das Problem ist, daß im
späteren Partieverlauf Weiß die Herrschaft über diese offene Linie gewinnen
kann.} (8... Nh5 9. b5 Ne7 10. d4 Bf5 11. Rb3 Qc8 12. dxe5 dxe5 13. Ba3 Re8 14.
e4 Bg4 15. Nd5 Nxd5 16. cxd5 Bf8 {1/2-1/2 Ragozin,V-Polugaevsky,L/URS-ch23
Leningrad 1956 (40)}) (8... e4 9. Ne1 (9. Ng5 $2 e3 $1 (9... Ne8 $1 {Marin,M})
10. fxe3 Ng4 11. Nf3 Nxe3 $17) 9... Bf5 10. d3 d5 (10... Re8 11. b5 Na5 (11...
Nd4 12. e3 Bg4 13. f3 (13. Qd2 $6 Nf3+ 14. Nxf3 exf3 15. Bh1 d5 $1 $17) 13...
exf3 14. Nxf3 Nxf3+ 15. Bxf3 Bh3 16. Bxb7 $5 (16. Re1 Ng4 $1 17. Nd5 Ne5 18.
Nf4 $5 Nxf3+ 19. Qxf3 {/\ Bb2+/=}) 16... Bxf1 17. Qxf1 Rb8 18. Bc6 $6 (18. Bf3
$13 {>=}) 18... Re5 19. e4 Qc8 20. Be3 Ng4 21. Bxa7 Nxh2 $1 {Tal,M-Neurohr,S/
BRD 1990/0-1 (48)}) 12. Qa4 b6 13. Bg5 Qd7 14. Bxf6 Bxf6 15. Nxe4 Bg7 16. Ng5
Rad8 17. e4 Bg4 18. f3 Bd4+ 19. Kh1 f6 20. Nc2 Be5 21. Ne3 fxg5 22. Nxg4 Bd4 {
1-0 Iosan,V-Babos,L/Budapest Spring op 1996 (38)}) 11. b5 Ne7 12. cxd5 Nexd5
13. Bb2 Nxc3 14. Bxc3 Re8 15. Qc2 Qe7 {Petrosian,T-Tal,M/Curacao ct 1962/1/2-1/
2 (50)}) 9. a4 Bf5 (9... a5 10. b5 Nb4 11. Ba3 Bf5 12. d3 e4 13. Nh4 exd3 14.
Nxf5 dxe2 15. Nxe2 gxf5 16. Nd4 {1-0 Gufeld,E-Burgess,G/Hastings-B 1988 (22)})
10. d3 Qd7 (10... e4 11. Nh4 exd3 12. Nxf5 dxe2 13. Nxe2 gxf5 14. Bxc6 bxc6 15.
Nd4 Qd7 (15... Ne4 16. Nxf5 {[%csl Gf5]} Nc3 17. Qg4 $18) 16. Qf3 $16 {[%csl
Rf5]}) 11. b5 axb5 12. axb5 Ne7 (12... Nd4 13. Be3 Nxf3+ (13... c5 14. Bg5 Ra3
15. Rc1 Be6 16. Bxf6 Bxf6 17. e3 Nf5 18. Nd2 Bg7 19. Ndb1 Ra5 20. Nd5 Ne7 21.
Nbc3 Nxd5 22. Nxd5 Kh8 23. Qd2 Ra7 24. Ra1 Rxa1 25. Rxa1 {Andersson,U-Padevsky,
N/Sverige (m/3) 1976/1-0 (69)}) 14. Bxf3 c6 15. bxc6 bxc6 16. Rb6 Rfc8 17. Qb3
Qe8 18. Rb1 e4 19. dxe4 Nxe4 20. Nxe4 Bxe4 21. Bxe4 Qxe4 22. Qd3 {1/2-1/2
Stean,M-Vaganian,R/Moscow 1975}) (12... Nd8 13. Bb2 (13. Bg5 h6 14. Bxf6 Bxf6
15. Nd5 Bg7 16. Nd2 Ra2 (16... Rb8 $5) 17. Ne4 Bxe4 18. Bxe4 c6 (18... h5 19.
e3 Ra8 20. Nb4 Rb8 21. Ra1 Ne6 22. Ra7 Nc5 {1/2-1/2 Bosboom,M-Belotti,B/
Mitropa Cup ITA-NED 1995 (56)}) 19. Nb4 Ra8 20. Bg2 f5 21. bxc6 bxc6 22. Ra1
Rb8 23. Qa4 {Vaganian,R-Irzhanov,R/Erevan olm 1996/1/2-1/2 (48)}) 13... Bh3 14.
Ra1 Rb8 15. c5 Bxg2 16. Kxg2 Ne6 {0-1 Reschke,S-Jussupow,A/BL9394 1994 (38)})
13. Re1 {Eine typische Methode, den möglichen Läufertausch zu vermeiden: auf
Bf5-h3 kann jetzt Bg2-h1 folgen.} (13. Bg5 {Marin,M}) 13... Bh3 14. Bh1 {
[%cal Gh1b7] Nach meiner Meinung der weisse Laeufer ist viel besser,auf der
grosse Diagonale,als seine schwarze Kollege.Ribli.} (14. Bxh3 Qxh3 15. Bg5 Qe6
16. e4 $5 {/\ Nd5} c6 17. bxc6 bxc6 18. Rb7 h6 19. Bxf6 Bxf6 20. Qb3 {1-0
Akopian,V-Romero Holmes,A/Leon 1995 (38)}) 14... h6 $5 {Vermeidet einen
möglichen Springerzug nach g5.} 15. Nd2 (15. Qb3 Kh7 16. Bb2 Nh5 17. Bg2 $2 Nf4
18. Bh1 Ne6 19. Ra1 Rxa1 20. Rxa1 f5 {0-1 Fabianowski,M-Lanka,Z/Adelaide op
1990 (30)}) (15. Bb2 Ng4 $1 $132 16. d4 Qe6 17. d5 $6 Qd7 {Und Schwarz hat
ausgegliechene Stellung.Hodgson - Tiviakow,Cacak 1996.}) 15... c6 16. Qb3 Qe6 {
Der Textzug macht das Feld d7 für den Springer frei.} (16... Ne8 {[%cal Ge8c7,
Gc7e6,Ge6c5,Ge6d4]}) 17. Bb2 $11 {Weiss hat eine etwas aktivere Stellung dank
seiner Initiative am Damenflügel, aber Schwarz hat keine besondere Schwächen.}
Nd7 18. Ra1 Rab8 $6 {Dieser Zug gefällt mir nicht. Schwarz gibt die Linie ohne
Kampf auf.} (18... Nc5 19. Qb4 f5 $13) 19. Ra7 $14 f5 {Auf den ersten Blick
ist das ein schöner, aktiver Zug. Das einzige Problem ist - wenn Schwarz
später f5-f4 spielt, erhält Weiß das Feld e4.} (19... Nc5 20. Qc2) 20. Qa2 Kh7
21. Ba1 Nf6 (21... Nc5 $5) 22. Rb1 d5 {Im allgemeinen kann Schwarz, wenn er zu
d5,e5 und f5 kommt, zufrieden sein. Aber jetzt haben wir eine spezielle
Stellung. Die zwei weißen Läufer auf der großen Diagonalen und die aktiven
Figuren kontrollieren das ganze schwarze Zentrum.} 23. bxc6 bxc6 24. Rxb8 Rxb8
25. cxd5 cxd5 26. e4 {[%cal Ga2e6] Die Fesselung ist unbequem für Schwarz. Er
muß sehr vorsichtig spielen, um seine Stellung zu verteidigen.} Rd8 (26... fxe4
$2 27. dxe4 d4 28. Qxe6 Bxe6 29. Rxe7 dxc3 30. Bxc3 {[%csl Re5,Re6]}) 27. exd5
(27. Ra5 $6 fxe4 28. dxe4 d4 29. Qxe6 Bxe6 $15) 27... Nexd5 28. Nxd5 Nxd5 29.
Qa5 {[%csl Ga5,Ga7][%cal Ga1g7,Ga7g7]} Rc8 $1 $13 {Weiß hat auch seine
Schwächen. Es droht 30...Rc1.} 30. Nc4 {Das frueher stolze schwarze
Bauernzentrum meint viele Sorgen fuer den Nachziehenden.Ribli.} Ne7 31. Bg2 {
Weiß kann diesen Zug nicht vermeiden, er muß die Drohungen am Königsflügel
abwehren.} Bxg2 32. Kxg2 e4 $6 {Schwarz verpaßt seine Chancen.} (32... Nc6 $5
33. Ra6 (33. Qa6 $2 Qd5+) (33. Bxe5 Nxa7 $17 (33... Nxa5 $2 34. Rxg7+ Kh8 35.
Rxg6+ $18) (33... Nxa7 {Marin,M} 34. Qxa7 Qd5+ 35. Kg1 Rg8 $17)) 33... Qd7 (
33... Qd7 34. Qd2 Qd5+ $17)) 33. Bxg7 (33. Qa3 $142 $1 {Marin,M} Re8 (33... Bf8
34. Qb2 $18) 34. Nd6 Rd8 35. Bxg7 Kxg7 (35... Rxd6 36. Bf8 $18) 36. Rxe7+ Qxe7
37. Nxf5+ $18) 33... Kxg7 {Die schwarze Königsstellung ist voll von
positionellen Löchern.} 34. Qa3 (34. Qe5+ $5 Qxe5 35. Nxe5 Kf6 36. dxe4 Kxe5
37. Rxe7+ Kf6 38. Rh7) (34. Qc3+ Kg8 (34... Kf7 35. Nd6+ Qxd6 36. Qxc8 exd3) (
34... Kf8 $2 35. Qh8+) 35. Qe5 Qxe5 36. Nxe5 Nc6 37. Nxc6 Rxc6 $11) (34. Qb6 $5
{Nach diesem Zug Schwarz hat Schwerigkeiten.Ribli.} Kf7 (34... Kf6 35. Qd4+ $40
) (34... Rc6 35. Rxe7+ $18) (34... Qf6 35. Nd6 Rf8 36. Qc7 $18) (34... Qxb6 35.
Rxe7+ (35. Nxb6 Re8 36. Nd5 Kf7) 35... Kf6 (35... Kf8 36. Nxb6 Rc6 37. Nd5 Rd6
38. Re5 $18 (38. dxe4 $2 Rxd5 39. exd5 Kxe7 $11)) 36. Nxb6 $18) 35. Nd6+) 34...
Kf8 35. Ra6 Rc6 36. Ra8+ Kg7 37. Ra7 Kf8 38. Ra8+ {Ich glaube,Weiss war in
Zeitnot, und mit Zugwiderholungen will er Zeit sparen.} (38. Qa1 $142 $1 {
Fritz 5.00 (100s)} Kg8 (38... exd3 39. Qh8+ Qg8 (39... Ng8 40. Qg7+ Ke8 41.
Ra8+ Rc8 42. Rxc8+ Qxc8 43. Nd6+ $18) 40. Qxh6+ Ke8 41. Ra8+ Nc8 42. Qe3+ Kf8
43. Nb6 $18) 39. Rxe7 Qxe7 40. Qa8+ Kh7 41. Qxc6 exd3 42. Qd5 $18) 38... Kg7
39. Ra7 Kf8 40. Ra8+ (40. Qa1 $142 $1 {Fritz 5.00 (100s)} Kg8 41. Rxe7 Qxe7 42.
Qa8+ Kh7 43. Qxc6 exd3 44. Qd5 $18) 40... Kg7 41. Qa1+ {Die Zeitnot ist vorbei,
und Weiss hat noch Initiative, aber etwas Konkretes ist schwer zu finden.} Qf6
42. Ne5 Rd6 43. Re8 exd3 44. Qa7 {Es gibt keine Wunderkombination, die
Stellung ist ausgegliechen.} Re6 45. Nxd3 g5 $11 {Theoretisch hat Weiß noch
immer die Führung der Partie inne, aber Schwarz hat eine feste Stellung.} 46.
Qb7 Kf7 47. Qa8 Ra6 48. Rf8+ (48. Ne5+ Qxe5 49. Rxe7+ Qxe7 50. Qxa6 Kg7 $11) (
48. Qd8 $4 Qc6+ $19) 48... Kg7 49. Rxf6 Rxa8 50. Re6 Ng6 {Und in dieser
gleiche Stellung remis gegeben.} 1/2-1/2

[Event "Clarin GP final"]
[Site "Villa Gesell"]
[Date "1997.03.04"]
[Round "3"]
[White "Spangenberg, Hugo"]
[Black "Ginzburg, Maximiliano"]
[Result "0-1"]
[WhiteElo "2550"]
[BlackElo "2450"]
[Annotator "Ribli,Z"]
[PlyCount "80"]
[EventDate "1997.03.02"]
[EventType "tourn"]
[EventRounds "11"]
[EventCountry "ARG"]
[EventCategory "11"]
[SourceTitle "CBM 058"]
[Source "ChessBase"]
[SourceDate "1997.06.01"]
[SourceVersion "1"]
[SourceVersionDate "1997.06.01"]
[SourceQuality "1"]

1. Nf3 g6 2. c4 Bg7 3. g3 e5 4. Nc3 Nc6 5. Bg2 d6 6. O-O f5 7. d3 Nf6 8. Rb1 a5
9. a3 O-O 10. b4 axb4 11. axb4 {Wir haben eine typische geschlossene
sizilianische Stellung - mit vertauschten Farben. Der schwarzer Königsspringer
steht flexibler als sein weißer Kollege auf f3. Wenn ich mich gut erinnere,
spielte Geller diese Variante in seinem Wettkampf gegen Spassky 1966 als
Schwarzer. Anstatt e6-Nge7 spielte er Nf6 (das ist Nf3 in unserer Partie) mit
der Idee Nd7 (das ist Nd2 bei uns). Ribli.} h6 12. b5 Ne7 13. c5 (13. Bb2 {
Ich empfehle diesen normalen Entwicklungszug. Ribli.} Be6 14. Ra1 Rc8 15. c5 $6
(15. Ra7 b6 16. Qb3 g5 17. Nd2 h5 18. Rfa1 h4 19. Ra8 $13 {Hickl,J-Hodgson,J/
Bern Cup/1996/}) 15... Nd7 16. cxd6 cxd6 17. Na4 d5 $132 {Ivanchuk,V-Topalov,V/
Wijk/1996/}) (13. Nd2) (13. Qb3) 13... Be6 14. Na4 $2 {Dieser Zug gefällt mir
gar nicht. Weiß will später b5-b6 spielen, aber in der ganzen Partie hat er
nur Probleme mit diesem Springer. Ribli.} (14. Bd2) (14. Bb2 Nd7 15. cxd6 cxd6
16. Nd2 d5 17. Ra1 $13 {Tisdall,J-Jansa,V/Gausdal AC/1993/}) 14... Ned5 $1 {
Schwarz liebäugelt mir der Kombination Ra8xa4 nebst Nd5-c3. Auch ohne dieses
taktische Motiv ist Nd5 ein guter positioneller Zug. Ribli.} 15. Bb2 $6 {
Der andere Läuferzug gefällt mir besser, weil in diesem Fall Weiß seinen
Bauern b5 schützen kann. Ribli.} (15. Bd2 $142) 15... Qe8 $1 {[%cal Re8b5]
Gleichzeitig ein Angriffs- und Verteidigungszug! Die weiße Hauptidee ist 16.b6
zu spielen. Nach bxc7 und cxd6 wäre der Bauer e5 schwach. Jetzt greift Schwarz
den weißen Bauern b5 an. Ribli.} 16. Ba1 (16. Nc3 Ra5 $5 17. b6 (17. Nxd5 Nxd5
(17... Bxd5)) 17... Rxc5 $17) 16... Ra5 $1 {[%csl Rb5]} 17. Nd2 (17. Nc3 $2
Nxc3 (17... Rxa1 18. Nxd5 Rxb1 19. Nxf6+ Bxf6 20. Qxb1 dxc5 $17) 18. Bxc3 Rxb5
$17) 17... Rxb5 18. Rxb5 Qxb5 $17 {Weiß hat einen Bauern verloren. Zusätzlich
hat er auch große Schwierigkeiten mit der Figurenkoordination. Besonders sein
Springer auf a4 findet kein Feld. Ribli.} 19. cxd6 cxd6 20. Nc4 Qb4 21. e4 {
Normalerweise hat Weiß eine sehr schwierige Stellung. Mit diesem Zug versucht
er im Trüben zu fischen. Ribli.} (21. Qc2 b5 $19) 21... fxe4 22. dxe4 Qxc4 23.
exd5 Bg4 (23... Bxd5 $4 24. Nb6 $18) (23... Nxd5 $5 24. Bxd5 (24. Qb1 Qxa4 25.
Qxg6 Bf7 26. Bxd5 Bxd5 $19) 24... Bxd5 $4 (24... Qxd5 $17) 25. Nb6 $18) 24. f3
Bf5 25. Nc3 b5 26. Rf2 b4 27. Na4 (27. Bf1 Qd4 (27... Qc7 $5 28. Nb5 Qb6) 28.
Qxd4 exd4 29. Nb5 Nxd5 30. Bc4 $13) 27... h5 {Sichert den B auf f5. Der andere
Läufer hat eventuell eine Zukunft auf der Diagonalen h6-c1. Ribli.} 28. Bf1 Qc7
29. Qb3 Bd7 30. Ra2 (30. Qxb4 $2 Ra8 $19 {Und wie immer in dieser Partie: Weiß
verliert wegen seines Na4. Ribli.}) 30... e4 $1 {Der entscheidende Durchbruch.
Bis jetzt hat Schwarz hauptsächlich am Damenflügel gespielt,aber jetzt er
gewinnt dank seiner Drohungen am Königsflügel.Ribli.} 31. Qxb4 (31. fxe4 Nxe4
32. Bg2 Qa7+ $19) 31... exf3 32. Qb6 Qc1 33. Bb2 Qe1 34. Bc3 (34. Qf2 Qxf2+ 35.
Kxf2 Ng4+ 36. Kg1 f2+ 37. Kh1 Bf5 $19) 34... Qd1 35. Qd4 {[#]} f2+ $1 $19 36.
Rxf2 (36. Qxf2 Bxa4) 36... Qxa4 37. Qxa4 Bxa4 {Weiß kann aufgeben, aber bis
zur Zeitkontrolle macht er noch ein paar Züge. Ribli.} 38. Ra2 Bb3 39. Ra6 Ne4
40. Bxg7 Rxf1+ $1 {Natürlich gewinnt auch 40...Kxg7, aber der Partiezug ist
einfacher, weil nach 41.Kxf1 Bc4 gewinnt. Ribli.} 0-1

[Event "Oslo"]
[Site "Oslo"]
[Date "1992.??.??"]
[Round "2"]
[White "Gausel, Einar"]
[Black "Malisauskas, Vidmantas"]
[Result "1/2-1/2"]
[WhiteElo "2445"]
[BlackElo "2490"]
[Annotator "Ribli,Z"]
[PlyCount "54"]
[EventDate "1992.04.??"]
[EventType "tourn"]
[EventRounds "9"]
[EventCountry "NOR"]
[EventCategory "9"]
[SourceTitle "CBM 030"]
[Source "ChessBase"]
[SourceDate "1992.10.01"]
[SourceVersion "1"]
[SourceVersionDate "1992.10.01"]
[SourceQuality "1"]

1. Nf3 Nf6 2. c4 g6 3. Nc3 Bg7 4. g3 O-O 5. Bg2 d6 6. O-O Nc6 7. d3 e5 8. Rb1
a5 9. a3 Nd4 10. b4 (10. Nxd4 exd4 11. Nb5 Ne8 12. e3 dxe3 13. Bxe3 c6 14. Nd4
Nf6 15. h3 a4 16. Ne2 d5 17. Nf4 dxc4 18. dxc4 Bf5 $10 {Miralles,G-Cvitan,O
Vrsac 1989 CBM/15}) (10. Nd2 c6 11. b4 axb4 12. axb4 Bd7 13. Bb2 Qc7 14. e3 Nf5
15. Qe2 Ne7 16. Rfc1 $14 {Vaganian,R-Kanstler,B URS-ch58 1991 CBM/27}) 10...
axb4 11. axb4 Nxf3+ 12. Bxf3 c6 13. Bg5 Bh3 14. Re1 Qc7 15. Bxf6 Bxf6 16. Qb3
Be7 17. b5 Rfc8 18. Ra1 h5 19. Ra4 h4 20. Rea1 Rxa4 21. Qxa4 Be6 22. gxh4 (22.
bxc6 $5 bxc6 23. Rb1) 22... Bxh4 23. bxc6 bxc6 24. c5 Be7 25. cxd6 Qxd6 26. Ne4
Qd4 27. Qxd4 exd4 1/2-1/2

[Event "Dortmund op-A"]
[Site "Dortmund"]
[Date "1992.??.??"]
[Round "10"]
[White "Sher, Miron Naumovich"]
[Black "Sakaev, Konstantin"]
[Result "0-1"]
[WhiteElo "2475"]
[BlackElo "2500"]
[Annotator "Ribli,Z"]
[PlyCount "62"]
[EventDate "1992.04.??"]
[EventType "swiss"]
[EventRounds "11"]
[EventCountry "GER"]
[SourceTitle "CBM 029"]
[Source "ChessBase"]
[SourceDate "1992.08.01"]
[SourceVersion "1"]
[SourceVersionDate "1992.08.01"]
[SourceQuality "1"]

1. c4 e5 2. g3 Nc6 3. Bg2 g6 4. Nc3 Bg7 5. d3 d6 6. e4 f5 (6... h5 7. h4 $1 Bg4
8. f3 Be6 9. Nge2 a6 10. O-O Nh6 11. Nd5 $14 {Seirawan,Y-Van Wely,L Wijk 1992
53/29 CBM/28}) 7. exf5 (7. Nge2 Nh6 $6 (7... Nf6 $1) 8. h4 O-O 9. Bg5 Qe8 10.
Nd5 Qf7 11. f3 Kh8 12. Qd2 $14 {Soffer,R-Manor,I Tel Aviv 1991 EXP/27}) 7...
Bxf5 8. Nge2 Qd7 9. h3 Nf6 10. a3 (10. Be3 $5) 10... O-O 11. Be3 Rae8 12. Qd2
Nd4 $1 13. Bxd4 exd4 14. Nd5 Nxd5 15. Bxd5+ Be6 16. Bg2 (16. Bxb7 c6 17. Ba6
Bxh3 $17) 16... a6 $1 17. g4 b5 18. b3 (18. cxb5 axb5 19. O-O c5 $17) 18...
bxc4 19. bxc4 Bxc4 $1 20. O-O (20. dxc4 d3 $19) 20... Bf7 $19 21. Ng3 c5 22.
Ne4 c4 23. dxc4 Bxc4 24. Rfd1 d5 25. Nc5 Qf7 26. Nd3 Bxd3 27. Qxd3 Qxf2+ 28.
Kh1 Re2 29. Rg1 Be5 30. Bxd5+ Kg7 31. Rg2 Qf1+ $1 0-1

[Event "Guillermo Garcia Memorial-B 08th"]
[Site "Santa Clara"]
[Date "2000.05.25"]
[Round "2"]
[White "Hernandez Onna, Roman"]
[Black "Dominguez Perez, Leinier"]
[Result "0-1"]
[WhiteElo "2402"]
[BlackElo "2508"]
[Annotator "Ribli,Z"]
[PlyCount "66"]
[EventDate "2000.05.24"]
[EventType "tourn"]
[EventRounds "14"]
[EventCountry "CUB"]
[EventCategory "9"]
[SourceTitle "CBM 078"]
[Source "ChessBase"]
[SourceDate "2000.10.18"]
[SourceVersion "1"]
[SourceVersionDate "2000.10.18"]
[SourceQuality "1"]

1. c4 Nf6 2. g3 g6 3. Bg2 Bg7 4. Nf3 O-O 5. O-O d6 (5... d5 {Mit diesem Zug
kann Schwarz die Grünfeld-Indische Verteidigung herbeiführen.}) 6. Nc3 Nc6 7.
d3 {Alternativ kann Weiß mit 7.d4 eine Grundstellung der Englischen Eröffnung
herbeiführen.} e5 8. Rb1 a5 9. Bg5 {Weiß folgt einer einfachen Strategie - er
möchte seinen schwarzfeldrigen Läufer gegen den Springer geben. In vielen
Varianten spielt der schwarze Läufer eine passive Rolle.} (9. a3) 9... h6 10.
Bxf6 Bxf6 11. a3 {Natürlich muss Weiß in dieser Variante am Damenflügel
spielen.} Bg7 12. b4 {Dieser Vorstoß (nebst b4-b5) und das Spiel am
Damenflügel (mit der Unterstützung durch den Bg2) stellt die Hauptwaffe von
Weiß in dieser Variante dar.} (12. Nd2 Ne7 13. b4 axb4 14. axb4 e4 {[- 32/(39)]
} 15. Qc2 (15. d4) (15. Nd5) 15... exd3 16. Qxd3 Ra3 17. Rb3 Rxb3 18. Nxb3 Nc6
19. Bxc6 bxc6 $15 {Georgiev,V-Benjamin,J/Bermuda 74/(22) 1998/Inf 74 (19)})
12... axb4 13. axb4 Be6 (13... Ne7 $5 14. b5 $5 (14. Qb3 c6 15. b5 d5 16. bxc6
bxc6 17. cxd5 cxd5 18. Rfc1 Be6 19. Nb5 Rb8 20. Qa3 Qd7 21. Rc7 Qxc7 22. Nxc7
Rxb1+ 23. Bf1 Bh3 24. Nd2 Rfb8 {0-1 De Souza,M-Martin del Campo,R/Merida 1993/
EXT 97 (65)}) 14... c6 15. Nd2 (15. Qc2 d5 16. Nd2 Be6 17. Na4 Qd6 $11) 15...
e4 $1 $11 {1-0 Istratescu,A-Navratescu,C/Bucuresti 75/22 1999/Inf 75/
[Istratescu,A] (31)}) (13... Nd4) 14. Qc2 {Dieser Zug ist ein wenig
schablonenhaft. Es wäre meiner Meinung nach besser, die Diagonale des Bg2 mit
einem Springerzug - 14.Ne1 - zu öffnen, denn danach wäre der Nc6 wegen der
Schwächung des Pb7 gefesselt.} (14. b5 Ne7 15. Qc2 (15. Nd2 e4 16. Qc2 (16. Qb3
exd3 17. exd3 Rb8 18. Ra1 Qd7 19. Rfe1 Nf5 20. Ra7 Nd4 21. Qa4 b6 22. Nd5 Bxd5
23. Bxd5 Rfe8 {1/2-1/2 Viljava,T-Sammalvuo,T/FIN 1992/EXT 2000 (53)}) 16...
exd3 17. Qxd3 c6 18. Rfc1 d5 19. bxc6 bxc6 20. cxd5 cxd5 21. Ra1 Rxa1 22. Rxa1
Bf5 23. Qf3 Be4 {0-1 Klimm,W-Berndt,S/Germany 1995/GER-chT2 (39)}) 15... Qd7
16. Nd2 Rab8 17. Nd5 f5 18. Ra1 e4 19. Rac1 Nxd5 20. cxd5 Bxd5 21. dxe4 fxe4
22. Nxe4 c6 23. Nd2 Bxg2 24. Kxg2 Qe6 {1/2-1/2 Beim,V-Moran,A/Berlin 1994/EXT
97 (30)}) (14. Ne1 $5 Rb8 15. b5 Ne7 16. Nd5 f5 17. Nc2 g5 18. Ncb4 g4 19. e3 {
1-0 Kosten,A-Ledger,D/Hove 1997/EXT 99 (32)}) 14... Ne7 $5 $11 {[%cal Gc7c6]
Früher oder später muss der Springer wegen b4-b5 ohnehin wegziehen, deshalb
ist dieser Zug logisch. Schwarz möchte anschließend c7-c6 ziehen und den
Springer am Königsflügel einsetzen.} (14... Qd7 15. Rfc1 Ne7 16. Nd2 c6 17. c5
d5 18. Na4 Ra7 19. Nb6 Qc7 20. e3 f5 21. Ra1 Rxa1 22. Rxa1 f4 23. Qa2 fxe3 24.
fxe3 e4 25. d4 Nf5 26. Bxe4 Nxe3 {0-1 Santos,M-Gaspar,A/Lisboa 1995/EXT 97 (38)
}) 15. Nd2 c6 16. e4 $6 {[%mdl 16384]} (16. b5 {Ob das nun effektiv ist oder
nicht - Weiß muss am Damenflügel spielen. Danach kann er z.B. bxc6 - bxc6 und
Rb7 spielen.}) 16... f5 $36 {Schwarz hat das Läuferpaar und eine solide
Stellung. Mit diesem typischem Zug bekommt er die Initiative am Königsflügel.}
17. exf5 (17. b5 f4 $15) 17... gxf5 18. c5 $6 {Ich kann diesen Zug nicht
verstehen - Weiß gibt die Kontrolle über das Zentrum (für nichts) auf.} (18. b5
) 18... d5 $15 {[%csl Gd5,Ge5,Gf5] Schwarz hat ein klares Übergewicht im
Zentrum. Noch über er zwar keine konkreten Drohungen aus, aber es ist schwer
für Weiß, einen aktiven Spielplan zu finden.} (18... dxc5 $6 19. bxc5 $132 {
[%cal Gb1b7]}) 19. Ne2 f4 20. gxf4 (20. Ra1 Rxa1 21. Rxa1 e4 22. Nc3 e3 $17) (
20. d4 $2 Bf5 $19) 20... exf4 {[%cal Gg7a1] Jetzt kontrolliert der schwarze
Bg7 alle wichtigen schwarzen Felder.} 21. Nf3 (21. b5 $15) 21... Bg4 (21... Qd7
$15 {[%cal Ge6h3]}) 22. Rb3 (22. b5 $15) 22... Qe8 {[%cal Ge8h5,Ge8g6]} 23. d4
(23. Qd2 Qh5 24. d4 (24. Nxf4 $4 Qf5 $19) 24... Ng6 $15) 23... Qh5 24. Kh1 Ng6
{Schwarz hat gutes Figurenspiel und freie Hand am Königsflügel.} 25. Neg1 (25.
Rg1 Rfe8 $15 (25... Bf5 26. Qd2 Be4 $15)) 25... Bf5 26. Qd2 Be4 {[%csl Ge4]
[%cal Ge4h1][%mdl 2048] Der Be4 steht ausgezeichnet. Die Opposition von Be4
und Kh1 ist unangenehm für Weiß.} 27. b5 {Endlich sucht Weiß nach Gegenspiel,
aber dieser Zug wäre früher viel besser gewesen.} Rf6 {Mit diesem
prophylaktischen Zug verteidigt Schwarz im Vorwege seinen potentiellen
schwachen Pc6 und bereitet die Umgruppierung der Figuren am Königsflügel vor.}
(27... Ra4 $15 {[%cal Gf8a8,Ga8a2]}) 28. Re1 (28. bxc6 bxc6 29. Ne1 Bxg2+ 30.
Nxg2 f3 $40) 28... Kh8 {[%cal Ga8g8,Gg8g1]} 29. Qe2 Rg8 {[%cal Gg8g1] Schwarz
hat alle seine Figuren am Königsflügel konzentriert.} 30. Ra1 Bf8 $17 {[%cal
Ge4h1,Gh5e2,Gg8g2] Schwarz öffnet die g-Linie und bereitet die Turmverdopplung
vor. Weiß ist völlig gefesselt und kann praktisch nur abwarten.} 31. bxc6 bxc6
32. Ra7 Ne7 {[%cal Gf6g6,Gg8g1]} 33. Rb8 Rfg6 $19 (33... Rfg6 34. Bf1 Rxg1#)
0-1